000
00245nam a2200097Ia 4500
001
1101926
005
20250827003312.0
008
250824s9999 xx 000 0 und d
245
0
_a
ASIMIN NESLİ
_c
MUSTAFA ARMAĞAN
260
_b
KETEBE YAYINLARI
999
_c
1101926
_d
1101926